| 000 | 00540cam a22001811 4500 | ||
|---|---|---|---|
| 082 |
_a822 _bDAV _cL-29, P-91 |
||
| 100 | 1 |
_aDavid, Agnes, _945930 |
|
| 245 | 1 | 2 |
_aA book of plays _c[edited by] M. Agnes David. |
| 260 |
_aNew York, _bMacmillan _c[1960] |
||
| 300 |
_a245 p. _c21 cm. _bill. |
||
| 490 | 1 | _aThe Pageant of literature | |
| 526 |
_a0 _b0 _c0 _d822_000000000000000_DAV |
||
| 650 | 0 |
_aAmerican drama. _945931 |
|
| 650 | 0 |
_aEnglish drama. _945932 |
|
| 650 | 0 |
_aEnglish language _xRhetoric _93245 |
|
| 650 | 0 |
_aMCE _9379 |
|
| 942 |
_2ddc _cBK |
||
| 999 |
_c549324 _d549324 |
||